000 00685nam a2200229 i 4500
001 bg
100 1 _aKELAR, Krystyna
245 1 0 _aFizykochemia polimerów :
_bwybrane zagadnienia /
_cKrystyna Kelar, Danuta Ciesielska.
260 _aPoznań :
_bWydaw. Politechniki Poznańskiej,
_c1997.
300 _a161 s. :
_bfaks., 1 fot., rys., wykr. ;
_c24 cm.
504 _aBibliogr. s. 160-161.
650 9 _aPolimery
_xchemia
655 _aPodręczniki akademickie
700 1 _aCIESIELSKA, Danuta
020 _a8371431155
040 _cBPK
041 0 _apl
080 _a678.7:544.2](075.8)
920 _a83-7143-115-5
942 _cKS
008 s pl f |000 0 pol
999 _c31630
_d31630
856 _uhttp://koha.tu.koszalin.pl/cgi-bin/koha/opac-detail.pl?biblionumber=31630
_yKatalog online BPK